All PokePark Wii friends - Statistics

General Stats
  • This quiz has been taken 24 times
  • The average score is 132 of 193
Answer Stats
Pokemon Number Zone Name % Correct
P-030 Meadow Zone Bulbasaur
88%
P-180 Sky Pavillion Mew
88%
P-005 Meadow Zone Buneary
82%
P-001 Pokepark EntranceMeadow Zone Chatot
82%
P-102 Meadow ZoneCavern Zone Magma Zone Chimchar
82%
P-096 Granite ZoneCavern Zone Electivire
82%
P-165 Granite Zone Garchomp
82%
P-144 Haunted Zone Gastly
82%
P-146 Haunted Zone Gengar
82%
P-058 Iceberg Zone Glalie
82%
P-145 Haunted Zone Haunter
82%
P-181 Meadow ZoneGranite Zone Jirachi
82%
P-087 Cavern Zone Machamp
82%
P-134 Haunted Zone Mismagius
82%
P-032 Beach Zone Piplup
82%
P-118 Magma Zone Rhyperior
82%
P-191 Granite Zone Shaymin
82%
P-085 Cavern Zone Snorlax
82%
P-065 Iceberg Zone Spheal
82%
P-050 Beach ZoneIceberg Zone Staravia
82%
P-017 Meadow ZoneBeach Zone Iceberg Zone Starly
82%
P-007 Meadow Zone Treecko
82%
P-179 Gathering PlaceHaunted Zone Abra
76%
P-010 Meadow Zone Bibarel
76%
P-009 Meadow Zone Bidoof
76%
P-152 Granite Zone Bronzor
76%
P-177 Gathering Place Burmy
76%
P-025 Meadow Zone Caterpie
76%
P-188 Haunted ZonePokepark Entrance Celebi
76%
P-149 Granite Zone Charizard
76%
P-098 Magma Zone Charmander
76%
P-035 Beach Zone Corsola
76%
P-016 Meadow Zone Croagunk
76%
P-176 All Zones Drifblim
76%
P-148 Haunted Zone Dusknoir
76%
P-075 Iceberg Zone Empoleon
76%
P-143 Haunted Zone Espeon
76%
P-110 Magma Zone Flareon
76%
P-059 Iceberg Zone Froslass
76%
P-079 Cavern Zone Gible
76%
P-113 Magma Zone Golem
76%
P-057 Beach Zone Gyarados
76%
P-099 Magma Zone Hitmontop
76%
P-125 Haunted Zone Kakuna
76%
P-014 Meadow Zone Leafeon
76%
P-024 Meadow Zone Magikarp
76%
P-061 Iceberg Zone Mamoswine
76%
P-008 Meadow Zone Mankey
76%
P-126 Haunted Zone Metapod
76%
P-133 Haunted Zone Misdreavus
76%
P-076 Cavern Zone Mr. Mime
76%
P-056 Beach Zone Pelipper
76%
P-132 Haunted Zone Pichu
76%
P-117 Magma Zone Ponyta
76%
P-074 Iceberg Zone Prinplup
76%
P-092 Cavern ZoneHaunted Zone Raichu
76%
P-175 Flower Zone Rayquaza
76%
P-190 Haunted Zone Rotom
76%
P-153 Granite Zone Togekiss
76%
P-119 Cavern ZoneMagma Zone Torchic
76%
P-112 Magma Zone Torkoal
76%
P-142 Haunted Zone Umbreon
76%
P-047 Beach Zone Vaporeon
76%
P-031 Meadow Zone Venusaur
76%
P-027 Meadow Zone Weedle
76%
P-055 Beach ZoneIceberg Zone Wingull
76%
P-162 Granite Zone Aerodactyl
71%
P-097 Cavern Zone Bastiodon
71%
P-054 Granite ZoneBeach Zone Blastoise
71%
P-120 Magma Zone Blaziken
71%
P-026 Meadow Zone Butterfree
71%
P-101 Magma Zone Camerupt
71%
P-002 Meadow Zone Chikorita
71%
P-189 Haunted Zone Darkrai
71%
P-069 Iceberg Zone Delibird
71%
P-147 Haunted Zone Duskull
71%
P-159 Granite Zone Eevee
71%
P-136 Haunted Zone Electabuzz
71%
P-141 Haunted Zone Electrode
71%
P-135 Haunted Zone Elekid
71%
P-150 Granite Zone Flygon
71%
P-086 Cavern ZoneMagma Zone Geodude
71%
P-044 Beach Zone Golduck
71%
P-187 Magma Zone Groudon
71%
P-186 Magma Zone Heatran
71%
P-100 Magma Zone Hitmonchan
71%
P-095 Cavern Zone Hitmonlee
71%
P-183 Beach Zone Latias
71%
P-192 Granite Zone Latios
71%
P-155 Granite Zone Lopunny
71%
P-174 Flower Zone Lucario
71%
P-111 Magma Zone Magcargo
71%
P-109 Magma Zone Magmortar
71%
P-182 Beach Zone Manaphy
71%
P-060 Iceberg Zone Piloswine
71%
P-151 Granite Zone Porygon-Z
71%
P-070 Iceberg Zone Primeape
71%
P-043 Beach Zone Psyduck
71%
P-023 Meadow Zone Scyther
71%
P-015 Meadow ZoneBeach Zone Spearow
71%
P-071 Iceberg Zone Squirtle
71%
P-157 Granite Zone Staraptor
71%
P-062 Iceberg ZoneCavern Zone Flower Zone Teddiursa
71%
P-004 Meadow Zone Torterra
71%
P-029 Meadow Zone Tropius
71%
P-036 Beach Zone Wynaut
71%
P-166 Granite Zone Absol
65%
P-012 Meadow ZoneHaunted Zone Aipom
65%
P-013 Meadow ZoneHaunted Zone Ambipom
65%
P-168 Flower Zone Bellossom
65%
P-018 Meadow ZoneCavern Zone Magma Zone Bonsly
65%
P-053 Beach Zone Corphish
65%
P-171 Flower Zone Cyndaquil
65%
P-193 Flower Zone Deoxys
65%
P-083 Cavern Zone Diglett
65%
P-173 Flower Zone Dragonite
65%
P-124 Haunted ZoneGranite Zone Drifloon
65%
P-046 Beach Zone Floatzel
65%
P-067 Iceberg Zone Glaceon
65%
P-122 Haunted Zone Honchkrow
65%
P-103 Magma Zone Infernape
65%
P-163 Granite Zone Jolteon
65%
P-021 Meadow Zone Lotad
65%
P-108 Magma Zone Magby
65%
P-080 Cavern ZoneGranite Zone Marowak
65%
P-077 Cavern Zone Mawile
65%
P-088 Cavern ZoneHaunted Zone Meowth
65%
P-178 Gathering Place Mime Jr.
65%
P-006 Meadow Zone Munchlax
65%
P-121 Haunted Zone Murkrow
65%
P-020 Meadow Zone Pachirisu
65%
P-066 Iceberg Zone Quagsire
65%
P-114 Magma Zone Quilava
65%
P-128 Haunted Zone Riolu
65%
P-129 Haunted Zone Sableye
65%
P-022 Meadow Zone Shinx
65%
P-028 Meadow Zone Shroomish
65%
P-033 Beach Zone Slowpoke
65%
P-130 Haunted Zone Spinarak
65%
P-019 Meadow ZoneCavern Zone Sudowoodo
65%
P-184 Iceberg Zone Suicune
65%
P-003 Meadow Zone Turtwig
65%
P-164 Granite Zone Tyranitar
65%
P-063 Iceberg Zone Ursaring
65%
P-140 Haunted Zone Voltorb
65%
P-039 Beach Zone Wailord
65%
P-154 Granite Zone Arcanine
59%
P-078 Cavern Zone Aron
59%
P-034 Beach Zone Azurill
59%
P-115 Magma ZoneGranite Zone Baltoy
59%
P-131 Haunted Zone Breloom
59%
P-045 Beach Zone Buizel
59%
P-116 Magma ZoneGranite Zone Claydol
59%
P-090 Cavern Zone Cranidos
59%
P-084 Cavern Zone Dugtrio
59%
P-041 Beach Zone Feraligatr
59%
P-123 Haunted Zone Gliscor
59%
P-082 Cavern Zone Golbat
59%
P-052 Beach Zone Krabby
59%
P-042 Beach ZoneIceberg Zone Lapras
59%
P-137 Haunted Zone Luxray
59%
P-093 Cavern Zone Magnemite
59%
P-107 Magma ZoneFlower Zone Meditite
59%
P-048 Beach ZoneIceberg Zone Mudkip
59%
P-105 Magma Zone Ninetales
59%
P-011 Meadow Zone Oddish
59%
P-051 Beach Zone Pidgeotto
59%
P-167 Granite Zone Salamence
59%
P-089 Cavern Zone Scizor
59%
P-049 Beach ZoneIceberg Zone Granite Zone Taillow
59%
P-127 Haunted Zone Tangrowth
59%
P-040 Beach Zone Totodile
59%
P-104 Magma Zone Vulpix
59%
P-081 Cavern Zone Zubat
59%
P-106 Magma Zone Farfetch'd
53%
P-156 Granite ZoneFlower Zone Furret
53%
P-161 Granite Zone Jumpluff
53%
P-064 Iceberg Zone Kirlia
53%
P-094 Cavern Zone Magnezone
53%
P-185 Cavern Zone Metagross
53%
P-068 Iceberg Zone Octillery
53%
P-091 Cavern Zone Phanpy
53%
P-038 Beach Zone Sharpedo
53%
P-170 Flower Zone Skiploom
53%
P-158 Granite Zone Skorupi
53%
P-139 Haunted Zone Skuntank
53%
P-073 Iceberg Zone Sneasel
53%
P-138 Haunted Zone Stunky
53%
P-169 Flower Zone Budew
47%
P-037 Beach Zone Carvanha
47%
P-160 Granite Zone Hoppip
47%
P-072 Iceberg Zone Smoochum
47%
P-172 Flower Zone Mareep
41%
No matching quizzes found
Score Distribution
Percent of People with Each Score
Percentile by Number Answered
Your Score History
You have not taken this quiz